000 00815nam a2200241Ia 4500
003 OSt
005 20220930080935.0
006 a|||||r|||| 00| 0
007 ta
008 220926b |||||||| |||| 00| 0 eng d
024 _a100001
037 _cTheses
040 _aCRL
_cCRL
_beng
041 _2eng
_aeng
100 _aNellie Liasram
_9540242
110 _aUniversity of Delhi. Facaulty of Science. Department of Botany
_9540243
245 0 _aStudies on microbial antagonism
_b application of soil bacteria showing biocontrol potential against fusarium spp
650 _aBOTANY
700 _a Prof. Ved Pal Singh Gu.
_9540244
700 _aUniversity of Delhi. Facaulty of Science. Department of Botany
_9540245
942 _cDIS
_2CC
999 _c870689
_d870689